000
00316nam a22001457a 4500
008
210308b ||||| |||| 00| 0 eng d
020
_a
0130605417
041
_a
eng
080
_a
334.7
082
_a
334.7
100
_a
55
101
_a
MF
245
_a
Basic Financial Management
_c
Martin,D.J
942
_2
udc
_c
BK
999
_c
56023
_d
56023